000 00991nam a2200253Ia 4500
003 OSt
005 20220923222630.0
006 a|||||r|||| 00| 0
007 ta
008 220922b |||||||| |||| 00| 0 hin d
024 _a206,628
037 _cTextual
040 _aARTS
_cARTS
_bhin
041 _2hin
_ahin
082 _aO152,6M81x, J6;L4
100 _aपूर्णसिंह; शास्त्री, प्रभात, संपा.
_9160806
245 0 _aसरदार पूर्णसिंह अध्यापक के निबंध
246 _aSaradār pūrṇasianha adhyāpak ke nibandha
260 _aइलाहाबाद
_b कौसम्बी प्रका0
_c1974
300 _a159पृ.
_ccm.
650 _aहिन्दी साहित्य
_9156264
942 _hO152,6M81x, J6;L4
_cTEXL
_2CC
999 _c357270
_d357270